[Event "Wch U20 Girls"]
[Site "Halle"]
[Date "1995.??.??"]
[Round "13"]
[White "Segal, Anna"]
[Black "Khurtsidze, Nino"]
[Result "0-1"]
[WhiteElo "2335"]
[BlackElo "2295"]

1.e4 c5 2.Nf3 e6 3.Nc3 a6 4.d4 cxd4 5.Nxd4 Qc7 6.Be2 Nf6 7.a3 Be7 8.Be3 Nc6
9.g4 d6 10.g5 Nd7 11.Qd2 Na5 12.O-O-O Ne5 13.f4 Nec4 14.Bxc4 Nxc4 15.Qd3 Bd7
16.f5 Nxe3 17.Qxe3 O-O-O 18.h4 Kb8 19.Rhf1 Rc8 20.fxe6 Bxe6 21.Nxe6 fxe6
22.Rf7 Bxg5 23.Qxg5 Qxf7 24.Rxd6 Rhf8 25.h5 Qf1+ 26.Rd1 Qf4+ 27.Qxf4+ Rxf4
28.Rd6 Rh4 29.Rxe6 Rxh5 30.Kd2 Rh2+ 31.Kd3 g5 32.Re7 g4 33.Rg7 h5 34.e5 Re8
35.Rg5 h4 36.Nd5 g3 37.a4 g2 38.Ke4 h3 39.Kf3 Rh1  0-1

[Event "Wichern op"]
[Site "Hamburg"]
[Date "1995.??.??"]
[Round "4"]
[White "Emms, John M"]
[Black "Gustafsson, Jan"]
[Result "1-0"]
[WhiteElo "2485"]
[BlackElo "2205"]

1.e4 c5 2.Nc3 e6 3.Nf3 a6 4.d4 cxd4 5.Nxd4 Qc7 6.Bd3 Nc6 7.Be3 Nf6 8.O-O Ne5
9.h3 b5 10.f4 Nc4 11.Bxc4 Qxc4 12.Qd3 Bb7 13.a4 Qxd3 14.cxd3 b4 15.Nce2 Bc5
16.Kf2 Rc8 17.Rfc1 d6 18.Nb3 Bxe3+ 19.Kxe3 Kd7 20.Ned4 Ba8 21.a5 Rxc1 22.Rxc1 Rb8
23.g4 h6 24.Nd2 g5 25.fxg5 hxg5 26.Nc4 Ke7 27.Nb6 Ne8 28.Nc2 Bc6 29.Nxb4 Bb5
30.Nc6+ Bxc6 31.Rxc6 Nf6 32.b4 Rh8 33.Rc7+ Kf8 34.Rc8+ Ne8 35.b5 Rxh3+ 36.Kd4 e5+
37.Kc3 axb5 38.a6 Rh1 39.Kb2 Rh2+ 40.Kb3  1-0

[Event "Wichern op"]
[Site "Hamburg"]
[Date "1995.??.??"]
[Round "5"]
[White "Jansa, Vlastimil"]
[Black "Priehoda, Vitezslav"]
[Result "1-0"]
[WhiteElo "2495"]
[BlackElo "2365"]

1.e4 c5 2.Nf3 e6 3.Nc3 a6 4.d4 cxd4 5.Nxd4 Nc6 6.Nxc6 bxc6 7.Bd3 d5 8.O-O Nf6
9.Qf3 Be7 10.e5 Nd7 11.Qg3 Kf8 12.Na4 Rb8 13.b3 h5 14.Bb2 g6 15.f4 Nb6 16.Nxb6 Qxb6+
17.Kh1 h4 18.Qh3 c5 19.Rad1 Kg7 20.Ba1 a5 21.Rde1 Ba6 22.Qg4 h3 23.f5 Bxd3
24.f6+ Kg8 25.cxd3 hxg2+ 26.Qxg2 Bf8 27.Re3 d4 28.Re4 Qb7 29.Rc1 Rh5 30.Rc4 Qd5
31.Qg3 Bh6 32.h4 Be3 33.Bb2 Kh7 34.Ba3 Rc8 35.Kg2 g5 36.Kf1 Bf4 37.Rxf4 Qh1+
38.Ke2 Rg8 39.Rf1 Qxh4  1-0

[Event "Hillerod Politiken"]
[Site "Hillerod"]
[Date "1995.??.??"]
[Round "9"]
[White "Kristensen, Bjarke"]
[Black "Nielsen, Uffe V"]
[Result "1-0"]
[WhiteElo "2455"]
[BlackElo "2370"]

1.e4 c5 2.Nf3 e6 3.Nc3 a6 4.d4 cxd4 5.Nxd4 Qc7 6.g3 Nc6 7.Bg2 Nxd4 8.Qxd4 Ne7
9.Bf4 Nc6 10.Bxc7 Nxd4 11.O-O-O Bc5 12.Be5 Nb5 13.Nxb5 axb5 14.Bxg7 Rg8 15.Bd4 Bxd4
16.Rxd4 Rxa2 17.Kb1 Ra4 18.Rhd1 Rg5 19.b3 Rxd4 20.Rxd4 Ke7 21.h4 Rc5 22.Bf1 d6
23.b4 Rc6 24.Kb2 Rb6 25.f4 f6 26.e5 fxe5 27.fxe5 dxe5 28.Rg4 Kf6 29.Bd3 Rd6
30.Kc3 Rd7 31.Rg8 Rc7+ 32.Kd2 Bd7 33.g4 e4 34.Bxe4 h6 35.Bd3 Bc6 36.Rg6+ Ke5
37.Rxh6 Kf4 38.Rxe6 Kxg4 39.Rh6 Re7 40.Rh8 Be4 41.Be2+ Kf4 42.Bxb5  1-0

[Event "Hlohovec op"]
[Site "Hlohovec"]
[Date "1995.??.??"]
[Round "?"]
[White "Mrva, Martin"]
[Black "Movsesian, Sergei"]
[Result "0-1"]
[WhiteElo "2400"]
[BlackElo "2435"]

1.e4 c5 2.Nf3 e6 3.Nc3 a6 4.d4 cxd4 5.Nxd4 Qc7 6.Bd3 Nf6 7.O-O d6 8.Kh1 Be7
9.f4 O-O 10.Qf3 Nbd7 11.Bd2 b5 12.Rae1 Bb7 13.Qh3 Qc5 14.Nb3 Qh5 15.Qxh5 Nxh5
16.Na5 Rab8 17.a4 Nc5 18.Be2 Nf6 19.Nxb7 Ncxe4 20.Nxe4 Nxe4 21.axb5 axb5
22.Bb4 Rxb7 23.Bf3 f5 24.Bxe4 fxe4 25.Rxe4 d5 26.Bxe7 Rxe7 27.Re5 b4 28.g3 g6
29.Rf2 Kf7 30.Kg2 Rc8 31.Kf1 Ra7 32.b3 Ra2 33.Ree2 h5 34.Ke1 Rc6 35.Kd1 Rca6
36.Rf3 Ra1+ 37.Kd2 Rh1 38.Rd3 Kf6 39.Rd4 Rb6 40.Ke3 Kf5 41.Rdd2 Rc6 42.Kd4 Rc1
43.Re5+ Kf6 44.Rde2 Kf7 45.R5e3 R6xc2 46.Rxc2 Rxc2 47.h3 Ke7 48.Re5 Rc3 49.g4 hxg4
50.hxg4 Kf6 51.g5+ Ke7 52.Re3 Rxe3 53.Kxe3 Kd6 54.Kd4 e5+ 55.fxe5+ Ke6 56.Kc5 Kxe5
57.Kxb4 d4  0-1

[Event "EU-ch U20"]
[Site "Holon"]
[Date "1995.??.??"]
[Round "1"]
[White "Stocek, Jiri"]
[Black "Bakhtadze, Giorgi"]
[Result "0-1"]
[WhiteElo "2475"]
[BlackElo "2275"]

1.e4 c5 2.Nf3 e6 3.d4 cxd4 4.Nxd4 a6 5.Nc3 Qc7 6.Bd3 d6 7.O-O Nf6 8.f4 Be7
9.Kh1 O-O 10.Qe1 Nc6 11.Nxc6 bxc6 12.e5 Nd5 13.exd6 Bxd6 14.Ne4 Be7 15.Bd2 c5
16.c4 Nb4 17.Bxb4 cxb4 18.Ng5 g6 19.Qh4 Bxg5 20.Qxg5 Bb7 21.Rad1 Rfd8 22.Be2 a5
23.h4 Qb6 24.c5 Qc7 25.h5 Rd5 26.Rxd5 Bxd5 27.Rc1 Bc6 28.h6 Qd8 29.Rd1 Qxg5
30.fxg5 Kf8 31.Rd6 Rc8 32.a3 bxa3 33.bxa3 Ke7 34.Rd1 Bd5 35.Rc1 Rb8 36.c6 Kd6
37.Rf1 e5 38.Rf6+ Kc7 39.Kg1 Rb3 40.a4 Rg3 41.Bf3 e4 42.Kf2 Rxg5 43.Be2 Rf5+
44.Rxf5 gxf5 45.Ke3 Bxc6 46.Bc4 Be8 47.Kf4 Kd6 48.Kxf5 Kc5 49.Ba6 Kd4  0-1

[Event "EU-ch U20"]
[Site "Holon"]
[Date "1995.??.??"]
[Round "3"]
[White "Garbisu, Unai"]
[Black "Bakhtadze, Giorgi"]
[Result "0-1"]
[WhiteElo "2395"]
[BlackElo "2275"]

1.e4 c5 2.Nf3 e6 3.d4 cxd4 4.Nxd4 a6 5.Nc3 Qc7 6.Bd3 Nc6 7.Nb3 d6 8.Be3 Nf6
9.f4 Be7 10.Qe2 b5 11.O-O-O Nd7 12.Kb1 O-O 13.Qf2 Na5 14.g4 Nc4 15.Bc1 b4
16.Ne2 Re8 17.g5 Bf8 18.h4 a5 19.Nbd4 Ba6 20.h5 a4 21.g6 Nc5 22.gxf7+ Qxf7
23.h6 g6 24.Qg3 e5 25.fxe5 dxe5 26.Nf5 Rab8 27.Rdf1 Qd7 28.Rd1 Qb7 29.Ne3 Nxe4
30.Qh4 Ncd6 31.Bxa6 Qxa6 32.Ng3 Nxg3 33.Qxg3 b3 34.cxb3 axb3 35.a3 Qc6 36.Nd5 Ne4
37.Qf3 Qc2+ 38.Ka1 Ra8 39.Rd2 Nxd2 40.Nf6+ Kh8  0-1

[Event "Horgen-B"]
[Site "Horgen"]
[Date "1995.??.??"]
[Round "5"]
[White "Forster, Richard"]
[Black "Masserey, Yvan"]
[Result "1/2-1/2"]
[WhiteElo "2370"]
[BlackElo "2350"]

1.e4 c5 2.Nf3 e6 3.d4 cxd4 4.Nxd4 a6 5.Nc3 Qc7 6.Bd3 Nc6 7.Nxc6 bxc6 8.O-O Nf6
9.Qe2 d6 10.f4 Nd7 11.b3 Be7 12.Bb2 O-O 13.Kh1 Bb7 14.Rae1 Nc5 15.Qg4 e5
16.Bc4 Nd7 17.f5 Nf6 18.Qh3 d5 19.Bd3 Bb4 20.a3 Bxc3 21.Bxc3 Rfe8 22.Qh4  1/2-1/2

[Event "HUN-chT1"]
[Site "HUN"]
[Date "1995.??.??"]
[Round "?"]
[White "Medvegy, Nora"]
[Black "Szekeres, Tibor"]
[Result "0-1"]
[WhiteElo "2235"]
[BlackElo "2215"]

1.e4 c5 2.Nf3 e6 3.Nc3 a6 4.d4 cxd4 5.Nxd4 Qc7 6.Bd3 Nc6 7.Be3 Nf6 8.O-O b5
9.Kh1 Ne5 10.f4 Nc4 11.Bc1 Bb7 12.Qe2 Rc8 13.Nd1 Bc5 14.Nf3 d5 15.exd5 Nxd5
16.f5 O-O 17.fxe6 fxe6 18.Qxe6+ Kh8 19.b3 Nf4 20.Bxf4 Qxf4 21.Qh3 h6 22.bxc4 bxc4
23.Bg6 Qf6 24.Nf2 Qxg6 25.Ng4 Qf5 26.Rae1 Rce8 27.Rxe8 Rxe8 28.Qh4 Qf4 29.Qh5 Rc8
30.Nge5 Kg8 31.Rd1 Be4 32.h3 Bf5 33.Qf7+ Kh7 34.c3 Rf8 35.Qc7 Ba3 36.Rb1 Bxb1
37.Qb7 Be4 38.Qxa6 Bxf3 39.Nxf3 Qc1+ 40.Kh2 Bd6+ 41.Qxd6 Qf4+ 42.Qxf4 Rxf4
43.Kg3 Rf5 44.Nd2 Ra5 45.Nxc4 Rxa2 46.Nd6 Kg6 47.Kf3 Kf6 48.g3 Ke5 49.Nc4+ Ke6
50.Ne3 Ra3 51.Nd1 Ke5 52.Ke3 Rb3 53.Kd3 Rb1 54.Ke2 Ra1 55.Nf2 Ra2+ 56.Ke3 Kd5
57.Kf3 Rc2 58.Ne4 Rc1 59.g4 Ke5 60.h4 g6  0-1

[Event "HUN-chT1"]
[Site "HUN"]
[Date "1995.??.??"]
[Round "?"]
[White "Tornai, Imre"]
[Black "Erdelyi, Tamas"]
[Result "0-1"]
[WhiteElo "2250"]
[BlackElo "2305"]

1.e4 c5 2.Nf3 e6 3.Nc3 a6 4.d4 cxd4 5.Nxd4 Qc7 6.Bd3 Nf6 7.f4 d6 8.Qf3 h5
9.h3 h4 10.Be3 b5 11.e5 Bb7 12.Qf2 dxe5 13.Nxe6 fxe6 14.Bg6+ Kd7 15.O-O-O+ Nd5
16.fxe5 Kc8 17.Bf7 Qd7 18.Ne4 Nc6 19.Ng5 Nd8 20.Bb6 Nxf7 21.Nxf7 Rh5 22.Ng5 Be7
23.Nf3 Qc6 24.Ba5 Rf5 25.Qd4 Qc4 26.Qxc4+ bxc4 27.Rd4 Rf4 28.Rhd1 Bc6 29.Bd2 Rxd4
30.Nxd4 Kd7 31.Nf3 Rf8 32.b3 cxb3 33.axb3 Kc8 34.Ng5 Bd7 35.c4 Nf4  0-1

[Event "HUN-chT1"]
[Site "HUN"]
[Date "1995.??.??"]
[Round "?"]
[White "Borocz, Istvan"]
[Black "Csoke, Krisztian"]
[Result "1/2-1/2"]
[WhiteElo "2415"]
[BlackElo "2295"]

1.e4 c5 2.Nf3 e6 3.d4 cxd4 4.Nxd4 a6 5.Nc3 Qc7 6.Be2 Nf6 7.O-O Nc6 8.Be3 Be7
9.f4 d6 10.Qe1 Nxd4 11.Bxd4 O-O 12.Qg3 Ne8 13.Rad1 b5 14.a3 Bb7 15.Bf3 Rd8
16.Kh1 Bf6 17.Rd3 Bc6 18.Rfd1 e5 19.Be3 Rc8 20.f5 Qe7 21.Qf2 Rb8 22.Nd5 Bxd5
23.Rxd5 Qc7 24.h4 h6 25.R5d3 Rc8 26.R1d2 Qe7 27.g3 Rc6 28.Kh2 Nc7 29.Kh3 Rd8
30.g4 Kh7 31.Qg3 g5 32.fxg6+ fxg6 33.g5 Bg7 34.h5 gxh5 35.Bxh5 Rg8 36.Rf2 Ne6
37.g6+ Kh8 38.Kg2 Rf8 39.Rdd2 Rcc8 40.Rf7 Rxf7 41.gxf7 Qf6 42.c3 Nf4+ 43.Bxf4 exf4
44.Qg4 Rc5 45.Rd5 Qe7 46.Qxf4 Rxd5 47.exd5 Qg5+ 48.Qxg5 hxg5 49.Bg4 Bh6 50.Bc8 a5
51.Bd7 Kg7 52.Bxb5 Kxf7 53.b4 Bg7  1/2-1/2

[Event "HUN-chT1"]
[Site "HUN"]
[Date "1995.??.??"]
[Round "?"]
[White "Kiss, Robert"]
[Black "Salanki, Endre"]
[Result "0-1"]
[WhiteElo "2265"]
[BlackElo "2235"]

1.e4 c5 2.Nf3 e6 3.d4 cxd4 4.Nxd4 a6 5.Nc3 d6 6.Be2 Be7 7.O-O Nf6 8.Kh1 O-O
9.f4 Qc7 10.Qe1 b5 11.a3 Bb7 12.Bf3 Nbd7 13.Bd2 Nb6 14.Rd1 Nc4 15.Bc1 Rac8
16.Nb1 Rfe8 17.c3 Qb8 18.Nd2 e5 19.Nxc4 exd4 20.Na5 Bxe4 21.Bxe4 Bd8 22.Bxh7+ Kxh7
23.Qh4+ Kg8 24.Nb3 dxc3 25.Rd3 Ne4 26.Qe1 Bb6 27.Be3 cxb2 28.Qh4 Rc3 29.Rxc3 Nxc3
30.Bxb6 Qxb6 31.Nd2 Qe3 32.Nb1 Nxb1 33.Rxb1 Qc1+  0-1

[Event "HUN-chT1"]
[Site "HUN"]
[Date "1995.??.??"]
[Round "?"]
[White "Kovacs, Laszlo M"]
[Black "Erdelyi, Tamas"]
[Result "1/2-1/2"]
[WhiteElo "2345"]
[BlackElo "2305"]

1.e4 c5 2.Nf3 e6 3.d4 cxd4 4.Nxd4 a6 5.Nc3 Qc7 6.Bd3 b5 7.O-O Bb7 8.Be3 Nf6
9.a3 h5 10.h3 Be7 11.f4 d6 12.Nf3 Nbd7 13.Ng5 Rc8 14.Qe2 e5 15.f5 h4 16.Qf2 Qb8
17.Rae1  1/2-1/2

[Event "HUN-chT2 9495"]
[Site "HUN"]
[Date "1995.??.??"]
[Round "?"]
[White "Adzic, Slobodan"]
[Black "Frank, Jozsef"]
[Result "0-1"]
[WhiteElo "2295"]
[BlackElo "2335"]

1.e4 c5 2.Nf3 e6 3.d4 cxd4 4.Nxd4 a6 5.Nc3 d6 6.g3 Nf6 7.Bg2 Be7 8.O-O O-O
9.f4 Nc6 10.Be3 Bd7 11.Nb3 Rc8 12.g4 d5 13.exd5 exd5 14.h3 Re8 15.Bf2 Ne4
16.Nxd5 Nxf2 17.Nxe7+ Qxe7 18.Rxf2 Rcd8 19.Qf3 h5 20.Rd1 hxg4 21.hxg4 Qh4
22.Bh3 Be6 23.Rxd8 Rxd8 24.f5 Ne5 25.Qe2 Bxb3 26.Bg2 Bc4 27.Qxe5 Rd1+ 28.Bf1 Qxg4+
29.Kh1 Bxf1  0-1

[Event "HUN-chT2 9495"]
[Site "HUN"]
[Date "1995.??.??"]
[Round "?"]
[White "Forgacs, Attila"]
[Black "Frank, Jozsef"]
[Result "1-0"]
[WhiteElo "2155"]
[BlackElo "2335"]

1.e4 c5 2.Nf3 e6 3.d4 cxd4 4.Nxd4 a6 5.Nc3 b5 6.Bd3 Bb7 7.O-O d6 8.Kh1 Nf6
9.Qe2 Be7 10.Bg5 O-O 11.f4 Qb6 12.Nf3 Nc6 13.e5 Nd7 14.Bxe7 Nxe7 15.Bxh7+ Kxh7
16.Ng5+ Kg6 17.Qg4 dxe5 18.Nxe6+ Kf6 19.fxe5+ Kxe5 20.Rae1+ Kd6 21.Qf4+ Kc6
22.Nd4+ Kc5 23.b4+ Kxb4 24.Ndxb5+ Be4 25.Qxe4+ Kc5 26.Qd4+ Kc6 27.Qd6+ Kb7
28.Qxd7+ Kb8 29.Qxe7  1-0

[Event "HUN-chT2 9495"]
[Site "HUN"]
[Date "1995.??.??"]
[Round "?"]
[White "Pfeifer, Tamas"]
[Black "Orso, Janos"]
[Result "0-1"]
[WhiteElo "2315"]
[BlackElo "2295"]

1.e4 c5 2.Nf3 e6 3.d4 cxd4 4.Nxd4 a6 5.Nc3 Qc7 6.Bd3 Nc6 7.Be3 Nf6 8.Qe2 Bd6
9.O-O-O Nxd4 10.Bxd4 Be5 11.Bxe5 Qxe5 12.g3 b5 13.f4 Qc7 14.e5 b4 15.Ne4 Nxe4
16.Bxe4 Bb7 17.Rd6 O-O 18.Rhd1 Rfd8 19.Qd3 Bxe4 20.Qxe4 Rab8 21.Rxa6 g6 22.Ra4 Rdc8
23.Rd4 Qc5 24.Qd3 Qc6 25.Raxb4 Rxb4 26.Rxb4 Qh1+ 27.Qd1 Qxh2 28.Rb3 h5 29.Rf3 Rc5
30.b3 Rd5 31.Rd3 Rxd3 32.Qxd3 h4 33.gxh4 Qxf4+ 34.Kb1 Qxe5 35.Qxd7 Qe1+ 36.Kb2 Qxh4
37.a4 Qf6+  0-1

[Event "HUN-chT2 9495"]
[Site "HUN"]
[Date "1995.??.??"]
[Round "?"]
[White "Nagy, Zoltan"]
[Black "Frank, Jozsef"]
[Result "0-1"]
[WhiteElo "2250"]
[BlackElo "2335"]

1.e4 c5 2.Nf3 e6 3.d4 cxd4 4.Nxd4 a6 5.Nc3 b5 6.Bd3 Nc6 7.Nxc6 dxc6 8.O-O e5
9.a4 b4 10.Nb1 a5 11.Qe2 Nf6 12.Nd2 Bc5 13.h3 O-O 14.Nc4 Qe7 15.Kh1 Bd4 16.Bd2 Ba6
17.Rab1 Rfd8 18.b3 h6 19.Rbe1 Bb7 20.f4 exf4 21.e5 Nh7 22.Rxf4 c5 23.Nd6 Bd5
24.Bc4 Bxc4 25.Qxc4 Ng5 26.h4 Bxe5 27.hxg5 Rxd6 28.Rfe4 Rxd2 29.Rxe5 Qb7
30.Qg4 Ra6 31.Rxc5 hxg5 32.Re8+ Kh7 33.Rxg5 Rh6+ 34.Rh5 Qxg2+ 35.Qxg2 Rxh5+
36.Kg1 Rxg2+ 37.Kxg2 Rc5 38.Re2 g5 39.Kf3 Kg6 40.Ke4 Rc8  0-1

[Event "HUN-chT2 9495"]
[Site "HUN"]
[Date "1995.??.??"]
[Round "?"]
[White "Koszta, Csaba"]
[Black "Halasz, Jozsef"]
[Result "1-0"]
[WhiteElo "2080"]
[BlackElo "2140"]

1.e4 c5 2.Nc3 e6 3.Nf3 a6 4.d4 cxd4 5.Nxd4 Qc7 6.a4 Nf6 7.Be2 Bb4 8.Qd3 d5
9.exd5 Nxd5 10.Bd2 Nxc3 11.bxc3 Be7 12.O-O O-O 13.f4 Nd7 14.Qh3 Nc5 15.Bd3 Nxd3
16.cxd3 g6 17.Nf3 e5 18.Qh6 exf4 19.Bxf4 Qc5+ 20.d4 Qh5 21.Qxh5 gxh5 22.Rae1 Bf6
23.Bd6 Rd8 24.Be7 Bxe7 25.Rxe7 h6 26.Ne5 f5 27.Rb1 b5 28.axb5 axb5 29.Rxb5 Ra1+
30.Kf2 Ba6 31.Rb6 Ra2+ 32.Kg3 f4+ 33.Kf3 Be2+ 34.Ke4 Bc4 35.Rg6+ Kf8 36.Reg7 Bd5+
37.Kxf4 Rf2+ 38.Ke3 Rf1 39.Nd7+ Ke8 40.Nf6+ Kf8 41.Nxd5 Rxd5 42.Rg8+ Kf7
43.R6g7+ Ke6 44.Re8+ Kf6 45.Rf8+ Kxg7 46.Rxf1 Ra5 47.Rf2 Kg6 48.c4 Kg5 49.d5 Kg4
50.d6 Re5+ 51.Kd4 Re1 52.Rd2 Re8 53.Kd5  1-0

[Event "HUN-chT2 9495"]
[Site "HUN"]
[Date "1995.??.??"]
[Round "?"]
[White "Forgacs, Attila"]
[Black "Juhasz, Bela"]
[Result "1/2-1/2"]
[WhiteElo "2155"]
[BlackElo "2205"]

1.e4 c5 2.Nf3 e6 3.d4 cxd4 4.Nxd4 a6 5.Nc3 d6 6.Be3 Nf6 7.f3 b5 8.Qd2 Bb7
9.Bd3 Be7 10.O-O-O Nc6 11.g4 Nd7 12.Kb1 O-O 13.h4 Qc7 14.g5 Nxd4 15.Bxd4 b4
16.Ne2 Ne5 17.Rh3 Nxd3 18.cxd3 e5 19.Be3 d5 20.Rc1 Qd7 21.Rh2 f5 22.gxf6 Rxf6
23.f4 Bd6 24.d4 exf4 25.Nxf4 dxe4 26.Rg1 Raf8 27.Rf2 Rf5 28.h5 R8f6 29.Nh3 Rxf2
30.Nxf2 Qf7 31.Qe2 Rf3 32.Ng4 Qe6 33.Bh6 Rg3 34.Rxg3 Bxg3 35.Be3 Bd6 36.h6 Bd5
37.hxg7 Kxg7 38.b3 Qf5 39.Ne5 Qh3 40.Qf2 h5 41.Qg1+ Kh8 42.Qg5 Qe6 43.Ng6+ Kh7
44.Qxh5+ Kg8 45.Qh8+ Kf7 46.Ne5+ Bxe5 47.Qxe5  1/2-1/2

[Event "HUN-chT1 9596"]
[Site "HUN"]
[Date "1995.??.??"]
[Round "1"]
[White "Szalanczy, Emil"]
[Black "Orso, Miklos"]
[Result "0-1"]
[WhiteElo "2420"]
[BlackElo "2400"]

1.e4 c5 2.Nf3 e6 3.d4 cxd4 4.Nxd4 a6 5.Nc3 Qc7 6.Bd3 b5 7.a4 b4 8.Nce2 Bb7
9.Bf4 Bd6 10.Bxd6 Qxd6 11.Qd2 Nc6 12.Nb3 Nf6 13.f4 e5 14.g3 O-O 15.O-O-O Qe7
16.Rhe1 d6 17.Ng1 Qc7 18.Nf3 Rfe8 19.Kb1 Rac8 20.fxe5 dxe5 21.Nh4 Red8 22.Nf5 Ne7
23.Nxe7+ Qxe7 24.Qe3 Qc7 25.Rd2 a5 26.Qa7 Ra8 27.Qc5 Rdc8 28.Qxc7 Rxc7 29.Rf2 Bc6
30.Rf5 Nd7 31.Bc4 Nb6 32.Bd5 Bxd5 33.exd5 f6 34.d6 Rd7 35.Rd1 Nc4 36.Rf3 Kf7
37.Rfd3 Rc8 38.Rd5 Ne3 39.Nxa5 Nxd1 40.Rxd1 Ke6 41.b3 Rxd6 42.Rc1 Rd2 43.Nc4 Rxh2
44.a5 Rg2 45.Kb2 Ra8 46.Ra1 Ra6 47.Ra4 Rxg3 48.Rxb4 Kd5 49.Rb5+ Kc6 50.Rb8 Rg4
51.Kc3 h5 52.Kb4 h4 53.Rc8+ Kb7 54.Rh8 e4 55.Kb5 Rg5+ 56.Ka4 Re6 57.Rxh4 e3
58.Rh1 e2 59.Re1 Rd5 60.Nb2 f5 61.b4 f4 62.Nd3 Rxd3  0-1

[Event "HUN-chT1 9596"]
[Site "HUN"]
[Date "1995.??.??"]
[Round "2"]
[White "Groszpeter, Attila"]
[Black "Fogarasi, Tibor"]
[Result "1/2-1/2"]
[WhiteElo "2520"]
[BlackElo "2500"]

1.e4 c5 2.Nf3 e6 3.d4 cxd4 4.Nxd4 a6 5.Nc3 b5 6.Bd3 Bb7 7.O-O Qc7 8.Qe2 Bc5
9.Nb3 Be7 10.Qg4 g6 11.Bg5 Nc6 12.Bxe7 Ngxe7 13.Kh1 O-O 14.f4 f5 15.Qh4 Rae8
16.Nc5 Bc8 17.exf5 Nxf5 18.Bxf5 exf5 19.Qf2 d6 20.Nb3 Bb7 21.Rad1 Re6 22.a3 Rfe8
23.h3 Qf7  1/2-1/2

[Event "HUN-chT1 9596"]
[Site "HUN"]
[Date "1995.??.??"]
[Round "2"]
[White "Tamas, Norbert"]
[Black "Salanki, Endre"]
[Result "0-1"]
[WhiteElo "2195"]
[BlackElo "2235"]

1.e4 c5 2.Nf3 e6 3.d4 cxd4 4.Nxd4 a6 5.Nc3 b5 6.Bd3 Bb7 7.O-O d6 8.f4 Nf6
9.Kh1 Nbd7 10.Qe2 Qc7 11.Bd2 Be7 12.a4 b4 13.Na2 a5 14.c3 O-O 15.cxb4 axb4
16.Nb5 Qb6 17.e5 dxe5 18.fxe5 Nd5 19.Qh5 f5 20.exf6 N7xf6 21.Qh3 Rxa4 22.Rfe1 Rfa8
23.Bc4 Bc8 24.Be3 Bc5 25.Bxc5 Qxc5 26.Qd3 Bd7 27.Nd4 b3  0-1

[Event "Ikaros op"]
[Site "Ikarios"]
[Date "1995.??.??"]
[Round "9"]
[White "Cela, Altin"]
[Black "Tsevremes, Ioannis"]
[Result "1-0"]
[WhiteElo "2380"]
[BlackElo "2145"]

1.e4 c5 2.Nf3 e6 3.d4 cxd4 4.Nxd4 a6 5.Nc3 Qc7 6.Be2 Nc6 7.O-O Nf6 8.Kh1 Nxd4
9.Qxd4 Bc5 10.Qd3 h5 11.f4 Ng4 12.e5 Nf2+ 13.Rxf2 Bxf2 14.Ne4 Bc5 15.Qc3 b6
16.b4 Bb7 17.Bf3 d5 18.Nd2 Bd6 19.Qd4 Be7 20.Bb2 g6 21.Rc1 b5 22.h3 Rb8 23.Be2 Ba8
24.Bd3 Qb6 25.Qc3 d4 26.Qa3 Rd8 27.Be2 d3 28.Bxd3 Qf2 29.Ne4 Bxe4 30.Bxe4 Qxf4
31.Bc6+ Kf8 32.Qxa6 Bg5 33.Qxb5 Qg3 34.Qb6 Kg7 35.Rf1 Bf4 36.Qg1 Rd2 37.Rf3 Qh4
38.Qf1 g5 39.g3  1-0

[Event "Katowice op"]
[Site "Katowice"]
[Date "1995.??.??"]
[Round "5"]
[White "Nikolenko, Oleg"]
[Black "Cherevatenko, Roman"]
[Result "1/2-1/2"]
[WhiteElo "2480"]
[BlackElo "2365"]

1.e4 c5 2.Nf3 e6 3.Nc3 a6 4.d4 cxd4 5.Nxd4 Qc7 6.g3 Bb4 7.Ne2 Nf6 8.Bg2 Be7
9.O-O O-O 10.Nf4 d6 11.g4 Nc6 12.g5 Nd7 13.Nd3 b5 14.f4 b4 15.Ne2 Bb7 16.b3 Rfe8
17.Bb2 Rac8 18.Qe1 d5 19.exd5 exd5 20.Qh4 Bf8 21.Ng3 Qb6+ 22.Kh1 Nd4 23.Qg4 Rcd8
24.Rac1 Nb5 25.Rce1 Rxe1 26.Rxe1 Nc3 27.Bxc3 bxc3 28.f5 Nc5 29.Nf4 g6 30.h4 Ne4
31.Nxe4 dxe4 32.fxg6 hxg6 33.h5 Qf2 34.Rf1 Bc8 35.Rxf2 Bxg4 36.Bxe4 Rd1+
37.Kg2 Rd2 38.Nd5 Bh3+ 39.Kxh3 Rxf2 40.hxg6 Bg7 41.Kg3 Rf1 42.Kg2 Re1 43.gxf7+ Kxf7
44.Kf3 Ke6  1/2-1/2

[Event "Katowice op"]
[Site "Katowice"]
[Date "1995.??.??"]
[Round "5"]
[White "Bielczyk, Jacek"]
[Black "Helis, Tadeusz"]
[Result "1/2-1/2"]
[WhiteElo "2365"]
[BlackElo "2230"]

1.e4 c5 2.Nf3 e6 3.Nc3 a6 4.d4 cxd4 5.Nxd4 Qc7 6.Be2 Nc6 7.O-O Nf6 8.Kh1 Nxd4
9.Qxd4 Bc5 10.Qd3 b5 11.Bg5 Bb7 12.f4 h5 13.Bf3 Ng4 14.e5 Bxf3 15.Qxf3 Rc8
16.Ne4 Ne3 17.Nd6+ Bxd6 18.Qxe3 Bc5 19.Qg3 d6 20.f5 exf5 21.Rxf5 dxe5 22.Rxe5+ Kf8
23.Rae1 Kg8 24.Bf6 Bf8 25.Bxg7 Bxg7 26.Re8+ Kh7 27.Qd3+ Kh6 28.R8e6+ fxe6
29.Qe3+ Kh7 30.Qe4+ Kh6 31.Qe3+ Kh7 32.Qe4+ Kh6 33.Qe3+ Kh7  1/2-1/2

[Event "Katowice op"]
[Site "Katowice"]
[Date "1995.??.??"]
[Round "9"]
[White "Blimke, Dalia"]
[Black "Helis, Tadeusz"]
[Result "1/2-1/2"]
[WhiteElo "2100"]
[BlackElo "2230"]

1.e4 c5 2.Nf3 e6 3.d4 cxd4 4.Nxd4 a6 5.Nc3 Qc7 6.Be2 Nc6 7.O-O Nf6 8.Kh1 Nxd4
9.Qxd4 Bc5 10.Qd3 b5 11.f4 h5 12.e5 Ng4 13.Bf3 Bb7 14.Bxb7 Qxb7 15.Ne4 Qb6
16.Bd2  1/2-1/2

[Event "RUS-sf"]
[Site "Kazan"]
[Date "1995.??.??"]
[Round "3"]
[White "Terentiev, Vitaly G"]
[Black "Kalegin, Evgenij"]
[Result "0-1"]
[WhiteElo "2395"]
[BlackElo "2475"]

1.e4 c5 2.Nf3 e6 3.Nc3 a6 4.d4 cxd4 5.Nxd4 Qc7 6.Bd3 Nc6 7.Be3 Nf6 8.Qe2 Bd6
9.h3 b5 10.Nxc6 dxc6 11.a4 b4 12.Nb1 Be5 13.c3 bxc3 14.bxc3 Bf4 15.a5 Bxe3
16.Qxe3 e5 17.Nd2 Be6 18.O-O O-O 19.Nc4 Bxc4 20.Bxc4 Nd7 21.Rfb1 Rfb8 22.Rb4 h6
23.Rd1 Rd8 24.Kh2 Rf8 25.g4 Qa7 26.Qf3 Rad8 27.Kg2 Nc5 28.Rxd8 Rxd8 29.Rb6 Qd7
30.Qe3 Qd6 31.Bd5 Rc8 32.Qf3 Qd7 33.Bc4 Rf8 34.Qf5 Qd6 35.Bxa6 Ne6 36.Qf3 Nf4+
37.Kh2 Rd8 38.Bb7 Ne6 39.Rxc6 Qd2 40.Rc8 Rxc8 41.Bxc8 Qg5 42.Qe3  0-1

[Event "RUS-sf"]
[Site "Kazan"]
[Date "1995.??.??"]
[Round "8"]
[White "Pozin, Sergey"]
[Black "Terentiev, Vitaly G"]
[Result "1-0"]
[WhiteElo "2345"]
[BlackElo "2395"]

1.e4 c5 2.Nf3 e6 3.Nc3 a6 4.d4 cxd4 5.Nxd4 Qc7 6.Be2 Nc6 7.O-O Nf6 8.Kh1 Bb4
9.Qd3 O-O 10.Bg5 Be7 11.f4 d6 12.Rad1 Bd7 13.Qg3 Kh8 14.Nf3 b5 15.e5 Ne8
16.Bd3 f5 17.exf6 gxf6 18.Qh3 Rf7 19.f5 Qc8 20.Rde1 e5 21.Bh6 Nb4 22.Qh5 Kg8
23.Qg4+ Ng7 24.Bxg7  1-0

[Event "Kishinev Interzonal (Women)"]
[Site "Kishinev"]
[Date "1995.??.??"]
[Round "6"]
[White "Thipsay, Bagyashree Sathe"]
[Black "Lomineishvili, Maia"]
[Result "0-1"]
[WhiteElo "2195"]
[BlackElo "2295"]

1.e4 c5 2.Nf3 e6 3.d4 cxd4 4.Nxd4 a6 5.Nc3 Qc7 6.Bd3 Nf6 7.f4 d6 8.O-O Be7
9.Kh1 Nbd7 10.Qf3 O-O 11.Bd2 b5 12.Rae1 Bb7 13.b4 Rfe8 14.Qh3 e5 15.Nf5 Bf8
16.Ne3 exf4 17.Rxf4 Ne5 18.Ref1 Qd7 19.Rf5 Rac8 20.Qg3 Kh8 21.Rxf6 gxf6 22.Ncd5 Bxd5
23.Nxd5 Qg4 24.Qe1 Bg7 25.h3 Qe6 26.Bc3 Rg8 27.Be2 f5 28.Rxf5 Nd7 29.Bxg7+ Rxg7
30.Bg4 Rxc2 31.Rf2 Rxg4 32.Rxc2 Rxe4 33.Qc3+ Qe5 34.Qxe5+ Nxe5 35.Rc8+ Kg7
36.Rd8 Nc4 37.Nc7 Re7 38.Nxa6 Ra7 39.Nb8 Rxa2 40.Nc6 Rd2 41.Na7 Na3 42.Nc8 Nc4
43.Na7 Rd5 44.Rb8 Na3 45.Rb6 Kf6 46.Ra6 Nc4 47.Rc6 Na3 48.Ra6 Nc2 49.Rb6 Nd4
50.Kg1 Ke6 51.Kf2 h5 52.g4 h4 53.Ke3 Nc2+ 54.Ke2 Na3 55.Ra6 Nc4 56.Ra2 Re5+
57.Kf2 Kd7 58.Rc2 Nb6 59.Kf3 Rd5 60.Ke4 Ke6 61.Nc6 Rg5 62.Nd4+ Kd7 63.Nf5 Rg6
64.Nd4 Rg5 65.Nf5 Rg8 66.Nxh4 Rh8 67.Nf5 Rxh3 68.Nd4 Rh4 69.Rg2 Rh1 70.Nxb5 Rb1
71.Nd4 Rxb4 72.g5 d5+ 73.Kd3 Nc4 74.Nf3 Rb3+ 75.Kd4 Rxf3 76.Kxd5 Ne3+ 77.Ke4 Nxg2
78.Kxf3 Nh4+ 79.Kg4 Ng6  0-1

[Event "Kishinev Interzonal (Women)"]
[Site "Kishinev"]
[Date "1995.??.??"]
[Round "8"]
[White "Skripchenko, Almira"]
[Black "Ioseliani, Nana"]
[Result "0-1"]
[WhiteElo "2400"]
[BlackElo "2475"]

1.e4 c5 2.Nf3 e6 3.d4 cxd4 4.Nxd4 a6 5.Nc3 Qc7 6.g3 Bb4 7.Qd3 Nf6 8.Bg2 d6
9.a3 Bxc3+ 10.bxc3 Nbd7 11.O-O O-O 12.f4 Nc5 13.Qe2 Na4 14.e5 Nxc3 15.Qd3 dxe5
16.fxe5 Nfd5 17.Nf3 Bd7 18.a4 b5 19.Ng5 g6 20.Nf3 bxa4 21.Re1 Bb5 22.Qd2 f5
23.exf6 Rxf6 24.Ba3 Rd8 25.Qh6 Ne2+ 26.Kh1 Ndc3 27.Qe3 Rd5 28.Ng1 Re5 29.Qd2 Rf2
30.Qd6 Qxd6 31.Bxd6 Rh5 32.g4 Rh6 33.Nxe2 Nxe2 34.Rf1 Rxf1+ 35.Bxf1 g5 36.Be5 Rh4
37.h3 h5 38.gxh5 Nf4 39.c4 Bc6+ 40.Kh2 Nxh3 41.Bg3 Rxh5 42.Be2 Rh6 43.Ra2 Nf4+
44.Kg1 Rh1+ 45.Kf2 Rc1 46.c5 Nh3+ 47.Ke3 Rc3+ 48.Bd3 Bb5 49.Rd2 Nf4 50.Kd4 Rxd3+
51.Rxd3 Nxd3 52.c6 Nf4  0-1

[Event "Kishinev Interzonal (Women)"]
[Site "Kishinev"]
[Date "1995.??.??"]
[Round "9"]
[White "Ciuksyte, Dagne"]
[Black "Lomineishvili, Maia"]
[Result "1/2-1/2"]
[WhiteElo "2225"]
[BlackElo "2295"]

1.e4 c5 2.Nf3 e6 3.Nc3 a6 4.d4 cxd4 5.Nxd4 Qc7 6.Be2 Nf6 7.O-O d6 8.f4 Be7
9.Be3 O-O 10.Bd3 Nc6 11.Qf3 Re8 12.Qg3 Nb4 13.Rae1 Nd7 14.Kh1 Bf6 15.Nf3 g6
16.Bd4 Bxd4 17.Nxd4 Qb6 18.Nb3 Nf8 19.e5 d5 20.a3 Nxd3 21.Qxd3 Bd7 22.Qd4 Qc7
23.Rf3 Rac8 24.Rg3 Bc6 25.Nd1 Nd7 26.Nf2 Qd8 27.Ng4 Bb5 28.Rc3 Qh4 29.Nf6+ Nxf6
30.g3 Qh3 31.exf6 Rc4 32.Rxc4 dxc4 33.Na5 Qf5 34.a4 Bxa4 35.Nxc4 Bc6+ 36.Kg1 Qxc2
37.Ne3 Qe4 38.Qxe4 Bxe4 39.Nc4 Bd5 40.Nb6 Bc6 41.Kf2 Rd8 42.Ke3 h6 43.Rc1 Kh7
44.Nc4 Kg8 45.Ne5 Rd6 46.Nxc6 bxc6 47.Rc5 Kh7 48.b4 Rd5 49.Rxc6 Rb5 50.Rxa6 Rxb4
51.Ra7 g5 52.fxg5 hxg5 53.Rxf7+ Kg6 54.Rf8 g4 55.Kd3 Ra4  1/2-1/2